The Beatles reader : a selection of contemporary views, news & reviews of the Beatles in their heyday /

Bibliographic Details
Other Authors: Neises, Charles P.
Format: Book
Language:English
Published: Ann Arbor, MI : Pierian Press, 1984.
Series:Rock & roll remembrances series ; 6.
Subjects:

MARC

Tag First Indicator Second Indicator Subfields
LEADER 00000cam a2200000 a 4500
001 in00000016554
005 20151007052811.0
008 840210s1984 miug b 00000 eng
010 |a  84060267  
020 |a 0876501706 
035 |a (OCoLC)11400886 
035 |9 AAA9244AM 
040 |a DLC  |c DLC  |d m/c  |d TXA  |d UtOrBLW 
049 |a TXAM  |c [A11031427] 
050 0 0 |a ML421.B4  |b B44 1984 
082 0 |a 784.5/4/00922  |2 19 
245 0 4 |a The Beatles reader :  |b a selection of contemporary views, news & reviews of the Beatles in their heyday /  |c edited by Charles P. Neises. 
264 1 |a Ann Arbor, MI :  |b Pierian Press,  |c 1984. 
300 |a xiv, 214 pages :  |b music ;  |c 24 cm. 
336 |a text  |b txt  |2 rdacontent 
337 |a unmediated  |b n  |2 rdamedia 
338 |a volume  |b nc  |2 rdacarrier 
490 1 |a Rock & roll remembrances series ;  |v 6 
504 |a Includes discographies and bibliographical references. 
610 2 0 |a Beatles. 
700 1 |a Neises, Charles P. 
830 0 |a Rock & roll remembrances series ;  |v 6. 
999 |a MARS 
999 f f |s 8d7196ea-98b6-3c11-aee4-9576336ec2ed  |i ff89f582-0c28-35e5-912c-5560e1a221e7  |t 0 
952 f f |p ric  |a Texas A&M University  |b Rellis Campus  |c Joint Library Facility  |d Remote Storage  |t 0  |e ML421.B4 B44 1984  |h Library of Congress classification  |i unmediated -- volume  |m A14811031427 
998 f f |a ML421.B4 B44 1984  |t 0  |l Remote Storage